Statystyki dla Jakiego to miasta rejestracja

Kliknij tutaj aby rozwiązać quiz!

Ogólne statystyki

  • Ten quiz został rozwiązany 559 razy
  • Średni wynik to 7 z 15

Statystyki odpowiedzi

RejestracjaOdpowiedź% Poprawnych
FGGorzów Wielkopolski
63%
GAGdynia
61%
CGGrudziądz
59%
CWWłocławek
59%
LZZamość
57%
DOLOleśnica
56%
GMBMalbork
55%
EPPiotrków Trybunalski
55%
KNNowy Sącz
48%
KOSOświęcim
46%
ESISieradz
45%
LKRKraśnik
37%
ONANamysłów
33%
DSRŚroda Śląska
30%
FZGŻagań
19%

Rozkład punktacji

Percentyl według liczby udzielonych odpowiedzi

Procent ludzi z każdym wynikiem

Twoja historia wyników

Nie rozwiązałeś tego quizu